000 05062njm0a2200421 4500
001 RU\NLR\ONIZ\303592
005 20250708194100.0
035 _a(NLR Aleph) 022152261
071 0 0 _aД-3272-3
090 _a13285744
_c13285744
100 _a20240213f19561961|||y0rusy50 ca
102 _aRU
126 _aaxaxdxu ux
_bxxx
127 _a002300
200 1 _aАрии из опер Станислава Монюшко в исполнении польских артистов
_bЗвукозапись
203 _aМузыка
_bисполнительская
_cаудио
210 _aМосква
_cМинистерство культуры СССР
_gЗавод грампластинок
_eЛенинград
_d[19--]
215 _a1 грп. [ГОСТ 5289-56] (23 мин) : 33 об/мин, моно
_d25 см, в конв.
327 1 _a1. Ария Стефана : опера "Страшный двор" / исполняет: А. Кленовский, [тенор].
_a2. Ария Сколубы : опера "Страшный двор" / исполняет: И. Микулин, [бас].
_a3. Заключительная песня Графини : опера "Графиня" / исполняет: А. Кавецка, [сопрано].
_a4. Ария Станислава : опера "Вербум нобиле" / исполняет: А. Хиольский, [баритон].
_a5. Речитатив и ария Гальки : опера "Галька" / исполняет: А. Кавецка, [сопрано].
_a6. Ария Ионтека : опера "Галька" / исполняет: Б. Папроцкий, [тенор]
464 0 _12001#$aАрия Стефана$eопера "Страшный двор"$fисполняет: А. Кленовский, [тенор]
_150000$aСтрашный двор$iАрия Стефана$bЗвукозапись$lопера$rтенор$7ca
_16890#$aЩ943.1-071(4П)
_1702#1$9z01790$aКленовский$bА.$cтенор$4721$4vte$7ca
_1790#1$9z01702$aKlenovskij$bA.$ctenor$4721$4vte$7ba
_tАрия Стефана
464 0 _12001#$aАрия Сколубы$eопера "Страшный двор"$fисполняет: И. Микулин, [бас]
_150000$aСтрашный двор$iАрия Сколубы$bЗвукозапись$lопера$rбас$rоркестр
_16890#$aЩ943.3-071(4П)
_1702#1$9z01790$aМикулин$bИ.$gИгорь$cбас$4721$4vbs$7ca
_1790#1$9z01702$aMikulin$bI.$gIgor`$cbass$4721$4vbs$7ba
_tАрия Сколубы
464 0 _12001#$aЗаключительная песня Графини$eопера "Графиня"$fисполняет: А. Кавецка, [сопрано]
_150000$aГрафиня$iЗаключительная песня Графини$bЗвукозапись$lопера$rсопрано$7ca
_16890#$aЩ943.1-071(4П)
_1702#1$9z01790$aКавецка$bА.$cсопрано$4721$4vso$7ca
_1790#1$9z01702$aKavetska$bA.$csoprano$4721$4vso$7ba
_tЗаключительная песня Графини
464 0 _12001#$aАрия Станислава$eопера "Вербум нобиле"$fисполняет: А. Хиольский, [баритон]
_150000$aЧестное слово$iАрия Станислава$bЗвукозапись$lопера$rбаритон$7ca
_16890#$aЩ943.2-071(4П)
_1702#1$9z01790$aХиольский$bА.$gАнджей$cбаритон$f1922-2000$4721$4sba$7ca
_1790#1$9z01702$aHiolski$bA.$gAndzej$cbariton$f1922-2000$4721$4sba$7ba
_tАрия Станислава
464 0 _12001#$aРечитатив и ария Гальки$eопера "Галька"$fисполняет: А. Кавецка, [сопрано]
_150000$aГалька$iРечитатив и ария Гальки$bЗвукозапись$lопера$rсопрано$7ca
_16890#$aЩ943.1-071(4П)
_1702#1$9z01790$aКавецка$bА.$cсопрано$4721$4vso$7ca
_1790#1$9z01702$aKavetska$bA.$csoprano$4721$4vso$7ba
_tРечитатив и ария Гальки
464 0 _12001#$aАрия Ионтека$eопера "Галька"$fисполняет: Б. Папроцкий, [тенор]
_150000$aГалька$iДума Йонтека$bЗвукозапись$lопера$rтенор
_16890#$aЩ943.1-071(4П)
_1702#1$9z01790$aПапроцкий$bБ.$gБогдан$cтенор$f1919-2010$4721$4vte$7ca
_1790#1$9z01702$aPaprocki$bB.$gBogdan$ctenor$f1919-2010$4721$4vte$7ba
_tАрия Ионтека
606 1 _aАрии из опер зарубежных композиторов
_yПольша
_z19 в.
_jЗвукозапись
_2nlr_sh
_7ca
606 1 _aПевцы оперные зарубежные
_yПольша
_z20-21 вв.
_jЗвукозапись
_2nlr_sh
686 0 _aЩ943.0-071я44(4П)
700 1 _9z01790
_aМонюшко
_bС.
_f1819-1872
_gСтанислав
_4230
_7ca
790 1 _9z01700
_aMonjuško
_bS.
_f1819-1872
_gStanisław
_4230
_7ba
801 0 _aRU
_bNLR
_c20240213
_gPSBO
801 1 _aRU
_bNLR
_c20240213
_2rusmarc
801 2 _aRU
_bNLR
_c20240216
852 _aNLR
_bМг
_j2/2139
_p30924
_t1
942 _cREC
980 _aNB
980 _aONIZ